L’Union Européenne - Statistiques

Statistiques générales
  • Ce quiz a été pris 274 fois
  • Le résultat moyen est 34 sur 50
Statistiques - réponses
Questions Réponses % Correct
Pays France
95%
Pays Allemagne
94%
Quel est l’État membre de l’Union qui compte le plus grand nombre de pays limitrophes (frontières terrestres)? Allemagne
94%
État fondateurs Allemagne de l’Ouest
94%
Pays Belgique
92%
Combien de traités ont été signés à Rome le 25 mars 1957 ? 2
91%
Pays Italie
91%
Pays Pays-Bas
91%
Pays Luxembourg
89%
Pays Espagne
87%
Pays Portugal
85%
Pays Estonie
82%
Pays Lituanie
82%
Pays Lettonie
80%
Pays Suède
80%
À quelle fréquence sont organisées les élections européennes? Tous les 5 ans
80%
Pays Autriche
79%
Pays Croatie
79%
Pays Grèce
79%
Pays Hongrie
79%
Pays Finlande
78%
Pays Pologne
78%
Pays Danemark
77%
Pays Irlande
77%
Pays Slovaquie
77%
Pays Slovénie
77%
Depuis quand l’euro est-il en circulation ? Depuis 2002
76%
Selon les traités, combien d'institutions l'Union européenne compte-t-elle au total ? 7: Le traité sur l’Union européenne recense sept institutions : la Commission européenne, le Parlement européen, le Conseil européen, le Conseil de l’UE, la Banque centrale européenne, la Cour de justice de l’Union européenne et la Cour des Comptes européenne.La Commission européenne est l’organe exécutif : « gardienne des traités », elle applique les politiques de l’UE. Le Conseil de l’UE réunit les ministres des Etats membres. Quant au Conseil européen, réunion des chefs d’Etat et de gouvernement, il tranche les questions non résolues par les ministres et impulse les grandes orientations de l’Union européenne.
74%
Pays Roumanie
74%
Combien d’étoiles y a-t-il sur le drapeau de l’Union européenne ? 12
72%
Pays Bulgarie
72%
Pays Malte
71%
Quelle langue maternelle est la plus parlée dans l’Union Européenne ? C’est l’Allemand
69%
Pays Chypre
69%
Pays République tchèque
69%
Proposé à l'origine par le Parlement européen, DiscoverEU permet aux Européens de bénéficier d'un titre de transport gratuit pour découvrir l’Europe en train. Quel âge doivent-ils avoir pour pouvoir bénéficier de ce titre de transport gratuit? De 18 ans
67%
A la manière d’un gouvernement composé de ministères et de ministres, la Commission européenne est constituée d’un organe administratif et d'un organe politique. Ce-dernier porte le nom de "collège des commissaires". Combien y a-t-il de commissaires européens ? 27
61%
Combien de langues officielles compte l'Union européenne ? Elle comporte 24 langue officielle
54%
Comment s’appelait l’organisation à l’origine ? Communauté Européenne du Charbon et de l’Acier
51%
Qui est l'actuelle présidente de la Commission européenne ? Ursula von der Leyen
48%
Quel ministre des affaires étrangères français a prononcé, le 9 mai 1950, une déclaration historique dans laquelle il proposait que la France, l’Allemagne et d’autres pays mutualisent leur production de charbon et d’acier ? Robert Schuman
45%
Quel traité a donné naissance à l'Union européenne ? Le traité de Maastricht
43%
En quelle année la Charte des droits fondamentaux de l'UE a-t-elle été adoptée ? En 2000
42%
Qui désigne chaque année le lauréat du prix Lux du Cinéma européen ? Le Parlement Européen
36%
Quelle est l’hymne de l’Union européenne ? Ode à la joie
36%
Quand est la journée de l’Europe ? Le 9 mai
32%
Quelle image apparaît sur tous les versos des billets d'euro ? Un pont
25%
Quelle est la devise de l'Union européenne ? Unie dans la diversité
21%
Combien de députés siègent actuellement au Parlement européen ? 705
16%
Qui présente les propositions législatives de l’Union européenne? La Commission européenne
9%
Aucun quiz correspondant
Distribution des résultats
% des personnes avec chaque résultat
Percentile par nombre de réponses
Votre historique - résultats
Vous n’avez pas pris ce quiz